000
00315nam a2200133Ia 4500
008
190216s9999||||xx |||||||||||||| ||und||
100
_a
Gupta & Kumar
245
0
_a
Hand Book Of Electronics
250
_a
30th Ed.
260
_b
Pragathi Prakashan
_c
2002
300
_a
1275
650
_a
Physics
942
_c
BK
999
_c
33684
_d
33684